000 01700namaa22003251i 4500
005 20260302103053.0
008 260127s1997 ua a|||frm||| 000 0 eng d
040 _aEG-GICUC
_beng
_cEG-GICUC
_dEG-GICUC
_erda
041 0 _aeng
_beng
_bara
049 _aDeposit
097 _aM.Sc
099 _aCai01.07.01.M.Sc.1997.Am.E
100 0 _aAmin Mohamed Shawky Amin Yossef,
_epreparation.
245 1 0 _aEffect of irrigation with wastewater and N,P&K Fertilization on production and chemical composition of wheat and maize grain under sandy soil conditions /
_b
_cBy Amin Mohamed Shawky Amin Yossef; Supervised Prof. Dr. Ahmed H. El-Hattab, Prof. Dr. Mohamed Abd El-Naim Ahmed, Dr. Ahmed Abd El-Shaheed
246 1 5 _aاثرالري بالمياه العادمة و التسمييد الازوتي والفوسفاتي والبوتاسي علي الانتاج والمحتوي الكيماوي للحبوب في محصولي القمح والذرة الشامية في الاراضي الرملية
264 0 _c1997.
300 _a111 Leaves :
_billustrations
_c30 cm. +
336 _2rda content
_atext
337 _2rdamedia
_aUnmediated
338 _2rdacarrier
_avolume
502 _aThesis (M.Sc.)-Cairo University, 1997
504 _aBibliography: pages 89-111
653 0 _awastewater and N,P&K Fertilization
700 0 _aAhmed H. El-Hattab
_ethesis advisor.
700 0 _aMohamed Abd El-Naim Ahmed
_ethesis advisor.
700 0 _aAhmed Abd El-Shaheed
_ethesis advisor.
900 _DDepartment of Agronomy
_FFaculty of Agriculture
_UCairo University
_b1997
_cAhmed H. El-Hattab
_cMohamed Abd El-Naim Ahmed
_cAhmed Abd El-Shaheed
905 _aNehad
_eNourhan
942 _2ddc
_cTH
_e21
_n0
999 _c178054